书目信息 |
| 题名: |
美国能打赢下次战争吗?
|
|
| 作者: | 米德尔顿 著 ;辛参 , 桑政 译 | |
| 分册: | ||
| 出版信息: | 北京 商务印书馆 1976 |
|
| 页数: | 346页 | |
| 开本: | 19cm | |
| 丛书名: | ||
| 单 册: | ||
| 中图分类: | D503 | |
| 科图分类: | ||
| 主题词: | 美苏两霸 , 苏美两霸 | |
| 电子资源: | ||
| ISBN: | ||
| 000 | 00702nam0 2200253 45 | |
| 001 | 0176002920 | |
| 005 | 20060719153546.62 | |
| 010 | @dCNY0.86 | |
| 100 | @a19950629d1976 em y0chiy0121 ea | |
| 101 | 1 | @achi@ceng |
| 102 | @aCN@b110000 | |
| 105 | @ay z 000yy | |
| 200 | 10 | @a美国能打赢下次战争吗?@Amei guo neng da ying xia ci zhan zheng ma@f(美)D.米德尔顿著@g辛参,桑政译 |
| 210 | @a北京@c商务印书馆@d1976 | |
| 215 | @a346页@d19cm | |
| 606 | @a美苏两霸 | |
| 606 | @a苏美两霸 | |
| 690 | @aD503@v3 | |
| 701 | 1 | @a米德尔顿@Ami de er dun@bD.@4著 |
| 702 | 0 | @a辛参@Axin can@4译 |
| 702 | 0 | @a桑政@Asang zheng@4译 |
| 801 | 2 | @aCN@bNLC@c20060719 |
| 801 | 0 | @aCN@bTSSF |
| 905 | @a10447@dD503@e111 | |
| 美国能打赢下次战争吗?/(美)D.米德尔顿著/辛参,桑政译.-北京:商务印书馆,1976 |
| 346页;19cm |
| ISBN :CNY0.86 |
| ● |
| 相关链接 |
|
|
|
|
正题名:美国能打赢下次战争吗?
索取号:D503/111
 
预约/预借
| 序号 | 登录号 | 条形码 | 馆藏地/架位号 | 状态 | 备注 |
| 1 | 0424465 | 204244656 | 密集书库/ [索取号:D503/111] | 在馆 |